[Event "2.BLO 0607 SK Passau - Sf Schöneck"]
[Site "?"]
[Date "2006.11.19"]
[Round "3.1"]
[White "Oral, Tomas"]
[Black "Rasik, Vitezslav"]
[Result "1/2-1/2"]
[WhiteElo "2508"]
[BlackElo "2469"]
[PlyCount "93"]
[EventDate "2006.??.??"]

1. e4 c5 2. c3 e6 3. d4 d5 4. exd5 exd5 5. Nf3 Nc6 6. Be2 Nf6 7. O-O Bd6 8.
dxc5 Bxc5 9. Bg5 Be6 10. Nbd2 h6 11. Bh4 g5 12. Bg3 Ne4 13. Nb3 Nxg3 14. hxg3
Bb6 15. Nfd4 Qd6 16. Nxe6 fxe6 17. Bh5+ Kd7 18. Qe2 Qxg3 19. c4 Qe5 20. cxd5
exd5 21. Qg4+ Kc7 22. Rae1 Qf4 23. Qxf4+ gxf4 24. Re6 Rag8 25. Bf3 Rg5 26. Rf6
Ne5 27. Bxd5 Nd7 28. Rc1+ Kd8 29. Bxb7 Nxf6 30. Rc8+ Ke7 31. Rxh8 Ng4 32. Rh7+
Kf8 33. Bf3 Kg8 34. Re7 Bxf2+ 35. Kf1 Bb6 36. Bxg4 Rxg4 37. a4 h5 38. Nd2 f3
39. Nxf3 Rxa4 40. Re5 Rb4 41. Rxh5 Rxb2 42. Ke1 Rxg2 43. Rg5+ Rxg5 44. Nxg5 Kg7
45. Ne4 Kf7 46. Kd2 Ke6 47. Nc3 1/2-1/2

[Event "2.BLO 0607 SK Passau - Sf Schöneck"]
[Site "?"]
[Date "2006.11.19"]
[Round "3.2"]
[White "Weiss, Christian"]
[Black "Konopka, Mihal"]
[Result "1-0"]
[WhiteElo "2469"]
[BlackElo "2426"]
[PlyCount "81"]
[EventDate "2006.??.??"]

1. Nf3 Nf6 2. c4 e6 3. Nc3 d5 4. d4 Be7 5. Bg5 O-O 6. e3 h6 7. Bxf6 Bxf6 8.
cxd5 exd5 9. Bd3 c6 10. O-O a5 11. Rc1 Re8 12. Ne2 Nd7 13. Nf4 Be7 14. Bb1 Bd6
15. Nd3 Qf6 16. a3 a4 17. h3 g6 18. Re1 Kg7 19. Bc2 b5 20. Re2 Bb7 21. Qe1 h5
22. h4 Nb6 23. Nde5 c5 24. Nxf7 Kxf7 25. dxc5 Bxc5 26. Bxg6+ Kxg6 27. Rxc5 Nc4
28. Nd4 Nd6 29. Qb1+ Kh6 30. Qd3 Re7 31. Nxb5 Ba6 32. Qxd5 Bxb5 33. Qxh5+ Kg7
34. Rg5+ Kf8 35. Rd2 Rd8 36. Rg3 Bc6 37. Rg6 Qe5 38. Qh6+ Rg7 39. Rdxd6 Rxd6
40. Rxd6 Ke7 41. Rxc6 1-0

[Event "2.BLO 0607 SK Passau - Sf Schöneck"]
[Site "?"]
[Date "2006.11.19"]
[Round "3.3"]
[White "Alber, Horst"]
[Black "Hellmayr, Alois"]
[Result "1/2-1/2"]
[WhiteElo "2400"]
[BlackElo "2317"]
[PlyCount "98"]
[EventDate "2006.??.??"]

1. d4 Nf6 2. c4 e6 3. Nf3 Bb4+ 4. Bd2 Bxd2+ 5. Qxd2 O-O 6. Nc3 d5 7. e3 Qe7 8.
Rc1 Rd8 9. cxd5 exd5 10. Bd3 Nc6 11. h3 Ne4 12. Qe2 Bf5 13. O-O Rd6 14. Bxe4
dxe4 15. Nh2 Re8 16. Kh1 a6 17. a3 Qh4 18. Rg1 Rh6 19. Nd5 Qd8 20. Nf4 Qd6 21.
Rc5 Bc8 22. Rd5 Qe7 23. Rc1 g5 24. Nh5 f5 25. Ng3 Qf7 26. Rcc5 Ne7 27. Re5 c6
28. f3 Nd5 29. fxe4 Rxe5 30. dxe5 fxe4 31. Nxe4 Qf5 32. Ng3 Qxe5 33. Ng4 Bxg4
34. Qxg4 Qxe3 35. Qc8+ Kf7 36. Qxb7+ Qe7 37. Qxe7+ Nxe7 38. Rxg5 Nd5 39. Rf5+
Ke6 40. Rh5 Rxh5 41. Nxh5 Ke5 42. g4 Ne3 43. g5 Kf5 44. Nf6 Kxg5 45. Nxh7+ Kh4
46. Kh2 Nc4 47. Nf6 Nxb2 48. Nd7 a5 49. Nc5 a4 1/2-1/2

[Event "2.BLO 0607 SK Passau - Sf Schöneck"]
[Site "?"]
[Date "2006.11.19"]
[Round "3.4"]
[White "Hiermann, Dietmar"]
[Black "Telljohann, Sven"]
[Result "0-1"]
[WhiteElo "2265"]
[BlackElo "2419"]
[PlyCount "82"]
[EventDate "2006.??.??"]

1. e4 e5 2. Nf3 Qe7 3. Nc3 c6 4. d4 d6 5. Bg5 Nf6 6. Qd2 h6 7. Bh4 Nbd7 8.
O-O-O b6 9. d5 c5 10. h3 a6 11. a4 g5 12. Bg3 h5 13. Kb1 h4 14. Bh2 Bh6 15. Qe1
Nf8 16. Nd2 g4 17. hxg4 Nxg4 18. Bg1 Ng6 19. Nc4 Rb8 20. f3 Nf6 21. Ne3 Bxe3
22. Bxe3 Nh5 23. Ne2 b5 24. axb5 axb5 25. g4 Nhf4 26. b4 cxb4 27. Qxb4 Nxe2 28.
Bxe2 O-O 29. Kb2 Bd7 30. Qd2 b4 31. Bg5 f6 32. Bxh4 b3 33. c4 Ra8 34. Qh6 Ra2+
35. Kxb3 Rxe2 36. Qxg6+ Qg7 37. Qxg7+ Kxg7 38. Rhe1 Rb8+ 39. Kc3 Reb2 40. c5
R8b3+ 41. Kc4 Bb5# 0-1

[Event "2.BLO 0607 SK Passau - Sf Schöneck"]
[Site "?"]
[Date "2006.11.19"]
[Round "3.5"]
[White "Ortmann, David"]
[Black "Schueller, Ernst"]
[Result "1-0"]
[WhiteElo "2306"]
[BlackElo "2250"]
[PlyCount "61"]
[EventDate "2006.??.??"]

1. Nf3 d6 2. d4 Nf6 3. c4 g6 4. Nc3 Bg7 5. e4 O-O 6. Be2 Bg4 7. Be3 c6 8. O-O
a6 9. h3 Bxf3 10. Bxf3 Nfd7 11. Qb3 b5 12. a4 e5 13. d5 c5 14. axb5 f5 15. Ra3
Nb6 16. Rfa1 a5 17. Qa2 N8d7 18. b3 Qh4 19. Qe2 Nf6 20. Bd2 fxe4 21. Nxe4 Nxe4
22. Qxe4 Qxe4 23. Bxe4 a4 24. Rxa4 Rxa4 25. bxa4 Nxc4 26. Bc3 Rb8 27. a5 Bh6
28. Bd3 Nd2 29. a6 c4 30. a7 Ra8 31. b6 1-0

[Event "2.BLO 0607 SK Passau - Sf Schöneck"]
[Site "?"]
[Date "2006.11.19"]
[Round "3.6"]
[White "Testor, Sebastian"]
[Black "Schaack, Harry"]
[Result "0-1"]
[WhiteElo "2241"]
[BlackElo "2279"]
[PlyCount "90"]
[EventDate "2006.??.??"]

1. d4 d5 2. c4 e6 3. Nc3 f5 4. Bf4 c6 5. e3 Nf6 6. Nf3 Be7 7. Bd3 O-O 8. O-O
Ne4 9. g4 Nd7 10. gxf5 exf5 11. cxd5 Nxc3 12. bxc3 cxd5 13. c4 g5 14. Be5 g4
15. Kh1 Rf7 16. cxd5 gxf3 17. Rg1+ Kf8 18. Qxf3 Nb6 19. Qg3 Ke8 20. d6 Bf8 21.
Be2 Be6 22. Bh5 Nc4 23. Qg8 Qh4 24. Bxf7+ Bxf7 25. Qg2 Nxd6 26. Bxd6 Bxd6 27.
f3 Kd7 28. f4 Rb8 29. Rab1 b5 30. a4 b4 31. Rgc1 Qe7 32. Qc6+ Kd8 33. Kg1 Qxe3+
34. Kf1 Qxf4+ 35. Kg1 Qxh2+ 36. Kf1 Qh3+ 37. Kf2 Qg3+ 38. Kf1 Qd3+ 39. Kf2 Qd2+
40. Kg1 Qg5+ 41. Kf1 Qf4+ 42. Kg1 Ke7 43. Re1+ Kf6 44. Re2 Rg8+ 45. Rg2 Qh2+
0-1

[Event "2.BLO 0607 SK Passau - Sf Schöneck"]
[Site "?"]
[Date "2006.11.19"]
[Round "3.7"]
[White "Marchio, Enrico"]
[Black "Horvath, Laszlo"]
[Result "1-0"]
[WhiteElo "2277"]
[BlackElo "2268"]
[PlyCount "75"]
[EventDate "2006.??.??"]

1. Nf3 Nf6 2. c4 g6 3. d4 Bg7 4. g3 O-O 5. Bg2 d5 6. cxd5 Nxd5 7. O-O Nb6 8.
Nc3 Nc6 9. d5 Nb8 10. Qb3 e5 11. Rd1 Kh8 12. Be3 N6d7 13. Rac1 a6 14. Ne4 h6
15. Nc5 b6 16. Ne6 fxe6 17. dxe6 Ra7 18. Nh4 Rf6 19. exd7 Bxd7 20. Be4 Qe8 21.
Rd2 g5 22. Nf3 Rf8 23. Qc2 Qe7 24. Rcd1 a5 25. Kh1 Be6 26. Bd5 Bf5 27. Be4 Be6
28. Bd5 Bf5 29. Qc4 c6 30. Be4 Be6 31. Qc3 c5 32. Rd6 Nd7 33. Qc2 Rc7 34. h3
Bf6 35. Bf5 Bxf5 36. Qxf5 Rf7 37. Qg6 Bg7 38. Bxg5 1-0

[Event "2.BLO 0607 SK Passau - Sf Schöneck"]
[Site "?"]
[Date "2006.11.19"]
[Round "3.8"]
[White "Linhart, Wolfgang"]
[Black "Timpel, Klaus"]
[Result "0-1"]
[WhiteElo "2223"]
[BlackElo "2248"]
[PlyCount "74"]
[EventDate "2006.??.??"]

1. d4 g6 2. Nf3 Bg7 3. Bf4 Nf6 4. e3 d6 5. Be2 O-O 6. h3 c5 7. c3 b6 8. O-O Bb7
9. Nbd2 Re8 10. Bc4 Nbd7 11. b4 e5 12. Bg5 h6 13. Bh4 Qe7 14. bxc5 bxc5 15. Rb1
Nb6 16. Bb5 Rec8 17. dxe5 dxe5 18. Qc2 e4 19. Bxf6 Bxf6 20. Nh2 Bg7 21. Rfc1
Rab8 22. Be2 Kf8 23. Nhf1 Bc6 24. Bb5 Ba8 25. Ng3 f5 26. Ne2 Bd5 27. a4 Bf7 28.
g3 Rd8 29. Rd1 Nd7 30. Bxd7 Rxb1 31. Nxb1 Rxd7 32. Na3 Qd8 33. Rxd7 Qxd7 34.
Nf4 g5 35. Ng2 Qd3 36. Qxd3 exd3 37. Nb1 Ba2 0-1

[Event "2.BLO 0607 Nickelhütte Aue - SC Bamberg"]
[Site "?"]
[Date "2006.11.19"]
[Round "3.1"]
[White "Kalod, Radek"]
[Black "Meijers, Viesturs"]
[Result "1/2-1/2"]
[WhiteElo "2484"]
[BlackElo "2465"]
[PlyCount "128"]
[EventDate "2006.??.??"]

1. e4 c5 2. Nf3 e6 3. d4 cxd4 4. Nxd4 a6 5. Bd3 Nf6 6. O-O d6 7. c4 Nbd7 8. Nc3
g6 9. Nf3 Bg7 10. Bf4 Qc7 11. Be2 Ne5 12. Nxe5 dxe5 13. Be3 O-O 14. b4 b5 15.
c5 Bb7 16. Qc2 Rfd8 17. Rfd1 Rd4 18. Bxd4 exd4 19. Rxd4 Nxe4 20. Rxe4 Bxc3 21.
Rc1 Bb2 22. c6 Bxc1 23. cxb7 Qxb7 24. Qxc1 Qxe4 25. Bf3 Qxb4 26. Bxa8 Qa4 27.
Qc8+ Kg7 28. Qc3+ Kg8 29. Qb3 Qd4 30. g3 b4 31. Bc6 a5 32. Kg2 h5 33. h4 Qc5
34. Qf3 Kf8 35. Ba4 Qe5 36. Qa8+ Kg7 37. Qb7 Kf8 38. Bc6 Qc5 39. Qb8+ Kg7 40.
Qb5 Qc2 41. Qa4 Qc5 42. Bb5 Qc7 43. Kg1 Kf8 44. Qd1 Qb6 45. Qd3 Qb8 46. Kf1 Qb6
47. Ke2 Qb8 48. Kf1 Qb6 49. Kg1 Qb8 50. a4 Qb6 51. Bc4 Qc5 52. Bb3 Qe5 53. Kg2
Kg8 54. Qe3 Qd6 55. Qe4 Qc5 56. f4 Qc3 57. Qf3 Qb2+ 58. Kh3 Kf8 59. Qe3 Qb1 60.
Qf3 Qb2 61. Qd3 Kg7 62. Bc2 Kg8 63. Qc4 Qc1 64. Kg2 Qb2 1/2-1/2

[Event "2.BLO 0607 Nickelhütte Aue - SC Bamberg"]
[Site "?"]
[Date "2006.11.19"]
[Round "3.2"]
[White "Gaponenko, Inna"]
[Black "Jirka, Jiri"]
[Result "1-0"]
[WhiteElo "2448"]
[BlackElo "2345"]
[PlyCount "49"]
[EventDate "2006.??.??"]

1. e4 e5 2. Nf3 Nc6 3. Bc4 Nf6 4. d4 exd4 5. e5 d5 6. Bb5 Ne4 7. Nxd4 Bd7 8.
Bxc6 bxc6 9. O-O Bc5 10. Be3 Bb6 11. Nd2 c5 12. Nxe4 cxd4 13. Bg5 Qc8 14. Ng3
h6 15. Bc1 O-O 16. Qf3 c6 17. Bxh6 gxh6 18. Qf6 Bd8 19. Qxh6 Be8 20. Qf4 f5 21.
Rad1 Rb8 22. b3 Qc7 23. Qf3 f4 24. Ne2 Qxe5 25. Rfe1 {
nicht weiter zu entziffern Partie geht bis zum 50 Zug} 1-0

[Event "2.BLO 0607 Nickelhütte Aue - SC Bamberg"]
[Site "?"]
[Date "2006.11.19"]
[Round "3.3"]
[White "Meister, Peter"]
[Black "Vasilevich, Tatjana"]
[Result "1-0"]
[WhiteElo "2370"]
[BlackElo "2396"]
[PlyCount "79"]
[EventDate "2006.??.??"]

1. d4 d5 2. c4 dxc4 3. Nf3 Nf6 4. e3 e6 5. Bxc4 c5 6. O-O a6 7. a4 Nc6 8. Qe2
Qc7 9. Nc3 Bd6 10. dxc5 Bxc5 11. Bd2 O-O 12. Rfc1 Rd8 13. Be1 Bd7 14. Bd3 Be8
15. Ne4 Be7 16. Bc3 Nd5 17. Be1 Rac8 18. h4 Qb8 19. a5 h6 20. g4 Ndb4 21. Bc4
Nxa5 22. Rxa5 b5 23. g5 Qb6 24. Bxb4 Bxb4 25. Raa1 bxc4 26. gxh6 Qc6 27. Qc2 f5
28. h7+ Kxh7 29. Neg5+ Kg8 30. Nd4 Rxd4 31. exd4 Be7 32. Qe2 Bxg5 33. hxg5 Bd7
34. Ra5 Qb6 35. Re5 Qxd4 36. Rd1 Qa7 37. Rxe6 Qc7 38. Re7 Qf4 39. Rdxd7 Qxg5+
40. Kf1 1-0

[Event "2.BLO 0607 Nickelhütte Aue - SC Bamberg"]
[Site "?"]
[Date "2006.11.19"]
[Round "3.4"]
[White "Priehoda, Viteslav"]
[Black "Stehno, Pavel"]
[Result "0-1"]
[WhiteElo "2387"]
[BlackElo "2273"]
[PlyCount "38"]
[EventDate "2006.??.??"]

1. d4 g6 2. c4 Nf6 3. f3 Bg7 4. e4 d6 5. Nc3 O-O 6. Nge2 a6 7. Be3 c6 8. c5 b6
9. cxd6 exd6 10. Qd2 Re8 11. Ng3 Nbd7 12. Be2 b5 13. O-O Nb6 14. Bg5 Qe7 15.
Rac1 Bb7 16. Rfd1 Qf8 17. b3 Re6 18. Bf1 Rae8 19. Nce2 b4 {
beide Partien nicht weiter zu entziffern geht bis zum 46 Zug} 0-1

[Event "2.BLO 0607 Nickelhütte Aue - SC Bamberg"]
[Site "?"]
[Date "2006.11.19"]
[Round "3.5"]
[White "Haag, Wolfgang"]
[Black "Wichmann, Cliff"]
[Result "0-1"]
[WhiteElo "2264"]
[BlackElo "2391"]
[PlyCount "92"]
[EventDate "2006.??.??"]

1. f4 d5 2. Nf3 g6 3. e3 Bg7 4. Be2 Nh6 5. O-O O-O 6. d3 Nc6 7. d4 Nf5 8. c4
dxc4 9. Na3 Na5 10. Qa4 b6 11. Nxc4 Nxc4 12. Qxc4 Be6 13. Qa4 c5 14. Rd1 cxd4
15. e4 Bd7 16. Qa3 Nd6 17. e5 Nb5 18. Qb3 Qe8 19. a4 Nc7 20. Nxd4 Ne6 21. Nb5
g5 22. f5 Nc5 23. Qg3 Qb8 24. Bf3 Bxe5 25. Qxg5+ Kh8 26. Qxe7 Qe8 27. Qg5 f6
28. Qg4 Rg8 29. Qh4 Bc6 30. Nc7 Bxf3 31. Nxe8 Rxg2+ 32. Kf1 Rxh2 33. Qxh2 Bxh2
34. Rd2 Be5 35. Ra3 Bh5 36. Nd6 Bf4 37. Rh3 Bxd2 38. Bxd2 Bg4 39. Rh6 Kg7 40.
a5 Rd8 41. Rh4 h5 42. Bf4 Nd3 43. Bg3 Ne5 44. Nb5 Rd1+ 45. Kg2 Rd2+ 46. Kf1
Be2+ 0-1

[Event "2.BLO 0607 Nickelhütte Aue - SC Bamberg"]
[Site "?"]
[Date "2006.11.19"]
[Round "3.6"]
[White "Diebl, Lutz"]
[Black "Huemmer, Bernd"]
[Result "1/2-1/2"]
[WhiteElo "2238"]
[BlackElo "2213"]
[PlyCount "62"]
[EventDate "2006.??.??"]

1. Nc3 d6 2. d4 e5 3. e4 c6 4. a4 Nf6 5. g3 Be7 6. Bg2 Nbd7 7. Nge2 Qc7 8. O-O
O-O 9. h3 b6 10. Be3 a6 11. g4 Bb7 12. Ng3 exd4 13. Bxd4 Ne8 14. Nf5 Bf6 15.
Bxf6 Ndxf6 {(=)} 16. g5 Nd7 17. Qd4 Nc5 18. Rad1 Ne6 19. Qd2 Rd8 20. f4 a5 21.
Nd4 Nc5 22. f5 f6 23. g6 h6 24. Rfe1 Rd7 25. Nce2 Re7 26. Nf4 Bc8 27. b3 Bd7
28. c3 Qc8 29. Qa2 Kh8 30. b4 Nb7 31. Bf1 Nc7 1/2-1/2

[Event "2.BLO 0607 SV Würzburg - SC Forchheim"]
[Site "?"]
[Date "2006.11.19"]
[Round "3.1"]
[White "Jansa, Vlastimil"]
[Black "Seuffert, Gabriel"]
[Result "1-0"]
[WhiteElo "2479"]
[BlackElo "2352"]
[PlyCount "113"]
[EventDate "2006.??.??"]

1. e4 c5 2. Nf3 e6 3. Nc3 Nc6 4. d4 cxd4 5. Nxd4 Qc7 6. g3 a6 7. Bg2 d6 8. O-O
Bd7 9. Re1 Be7 10. Nxc6 Bxc6 11. a4 Nf6 12. a5 O-O 13. Be3 Rae8 14. Bb6 Qb8 15.
Bd4 Nd7 16. Na4 Qc7 17. Qd2 Bf6 18. Bxf6 Nxf6 19. c4 Bxa4 20. Rxa4 Rd8 21. Rc1
e5 22. Rd1 Nd7 23. Rb4 Nc5 24. Rb6 Na4 25. Rxd6 Qxd6 26. Qxd6 Rxd6 27. Rxd6
Nxb2 28. Bf1 Rc8 29. c5 Kf8 30. c6 bxc6 31. Bxa6 Rc7 32. Rd2 Ra7 33. Be2 Na4
34. a6 Nc3 35. Bd3 Nb5 36. Ra2 Ke7 37. f4 f6 38. Ra3 exf4 39. gxf4 Kd6 40. Kf2
Kc5 41. Bxb5 cxb5 42. e5 fxe5 43. fxe5 Kb6 44. Ra1 b4 45. Ke3 b3 46. Ra3 Rxa6
47. Rxb3+ Kc7 48. Rd3 Rh6 49. Rd2 Rh4 50. Kf3 Kc8 51. e6 Rh3+ 52. Kf4 Rh4+ 53.
Ke5 Rh3 54. e7 Re3+ 55. Kd6 g5 56. Rc2+ Kb7 57. Rc5 1-0

[Event "2.BLO 0607 SV Würzburg - SC Forchheim"]
[Site "?"]
[Date "2006.11.19"]
[Round "3.2"]
[White "Zentgraf, Alexander"]
[Black "Heidrich, Manfred"]
[Result "1/2-1/2"]
[WhiteElo "2179"]
[BlackElo "2405"]
[PlyCount "59"]
[EventDate "2006.??.??"]

1. e4 c5 2. Nc3 Nc6 3. f4 e6 4. Nf3 d5 5. Bb5 Nf6 6. Bxc6+ bxc6 7. e5 Nd7 8. d3
Ba6 9. b3 c4 10. bxc4 Bb4 11. Bd2 Qa5 12. Ne2 dxc4 13. Bxb4 Qxb4+ 14. c3 Qa3
15. d4 Rb8 16. O-O O-O 17. Ng5 h6 18. Ne4 c5 19. N2g3 Bb7 20. f5 Bxe4 21. Nxe4
exf5 22. Rxf5 cxd4 23. Qxd4 Qb2 24. Raf1 Qb6 25. Qxb6 Rxb6 26. Rd1 Rb7 27. Nd6
Rc7 28. Nb5 Rb7 29. Nd6 Rc7 30. Nb5 1/2-1/2

[Event "2.BLO 0607 SV Würzburg - SC Forchheim"]
[Site "?"]
[Date "2006.11.19"]
[Round "3.3"]
[White "Orsag, Milan"]
[Black "Rupp, Markus"]
[Result "0-1"]
[WhiteElo "2423"]
[BlackElo "2241"]
[PlyCount "116"]
[EventDate "2006.??.??"]

1. d4 Nf6 2. Nf3 e6 3. c4 Bb4+ 4. Bd2 Qe7 5. g3 Nc6 6. Nc3 Bxc3 7. Bxc3 Ne4 8.
Rc1 d6 9. d5 Nxc3 10. Rxc3 Nb8 11. dxe6 fxe6 12. Bg2 Nd7 13. Nd4 a5 14. O-O Nc5
15. b3 O-O 16. e4 e5 17. Nc2 Bd7 18. Ne3 Bc6 19. f3 Kh8 20. Qd2 Rf7 21. a3 Ne6
22. Nc2 Raf8 23. Bh3 Ng5 24. Bg2 Bxe4 25. Ne1 Bc6 26. Re3 b6 27. f4 Bxg2 28.
Qxg2 Qd7 29. Nd3 Nh3+ 30. Kh1 h6 31. Rfe1 exf4 32. gxf4 Nxf4 33. Nxf4 Rxf4 34.
Re7 Qxe7 35. Rxe7 Rf1+ 36. Qxf1 Rxf1+ 37. Kg2 Rb1 38. Rxc7 Rb2+ 39. Kh1 Rxb3
40. Rc6 b5 41. cxb5 Rxb5 42. Rxd6 Rb3 43. Kg2 Rxa3 44. Rd5 Kh7 45. Rb5 a4 46.
Rb4 Kg6 47. Rg4+ Kf6 48. Rc4 Ra2+ 49. Kg3 a3 50. Rc3 Ke5 51. h3 Kd4 52. Rb3 Ra1
53. Kg2 Kc4 54. Rg3 Kb4 55. Rxg7 Rc1 56. Rb7+ Kc3 57. Ra7 Rc2+ 58. Kg3 Kb2 0-1

[Event "2.BLO 0607 SV Würzburg - SC Forchheim"]
[Site "?"]
[Date "2006.11.19"]
[Round "3.4"]
[White "Graef, Harald"]
[Black "Zwanzger, Johannes"]
[Result "0-1"]
[WhiteElo "2182"]
[BlackElo "2340"]
[PlyCount "78"]
[EventDate "2006.??.??"]

1. d4 d5 2. Bg5 c6 3. e3 Nd7 4. Nf3 Ngf6 5. Nbd2 e6 6. Bd3 Be7 7. Qe2 O-O 8. e4
dxe4 9. Nxe4 Re8 10. h4 a5 11. O-O-O a4 12. a3 Nf8 13. Nxf6+ Bxf6 14. Kb1 Ra5
15. Bd2 Ra8 16. Qe4 Qd5 17. Rhe1 Qxe4 18. Bxe4 Nd7 19. g4 g6 20. g5 Bg7 21. Bf4
Ra5 22. Bc7 Ra7 23. Ne5 Bxe5 24. dxe5 b6 25. Bd6 Bb7 26. h5 c5 27. Bxb7 Rxb7
28. Rd3 c4 29. Rf3 b5 30. Re4 Nb6 31. hxg6 fxg6 32. Ref4 Nd5 33. Rf8+ Rxf8 34.
Rxf8+ Kg7 35. Re8 Kf7 36. Rf8+ Kg7 37. Ra8 h5 38. Rc8 h4 39. Rf8 Rf7 0-1

[Event "2.BLO 0607 SV Würzburg - SC Forchheim"]
[Site "?"]
[Date "2006.11.19"]
[Round "3.5"]
[White "Niedermaier, Hans"]
[Black "Zehnter, Sebastian"]
[Result "1/2-1/2"]
[WhiteElo "2282"]
[BlackElo "2108"]
[PlyCount "90"]
[EventDate "2006.??.??"]

1. e4 c5 2. Nf3 e6 3. Nc3 a6 4. a4 Nc6 5. d4 cxd4 6. Nxd4 Qc7 7. Be2 Nf6 8. O-O
Bb4 9. Qd3 O-O 10. Bg5 b6 11. Nxc6 dxc6 12. Bxf6 gxf6 13. f4 e5 14. Qg3+ Kh8
15. Qh4 Qe7 16. Kh1 Bd6 17. f5 Bb7 18. Rf3 Rg8 {(=)} 19. Rh3 Rg7 20. Bd3 Bb4
21. Qh6 Bxc3 22. bxc3 Rd8 23. g4 Rd6 24. Rf1 c5 25. c4 b5 26. axb5 axb5 27. Re1
bxc4 28. Bxc4 Qd8 29. Rhe3 Rd4 30. Bf1 Rxg4 31. Bg2 Rg7 32. Bf3 Rd6 33. Rb3 Bc6
34. Rbb1 Rg5 35. Qh4 Qg8 36. Rbd1 Rxd1 37. Rxd1 Rxf5 38. Bg2 Rg5 39. Qf2 f5 40.
Rd6 Bb7 41. Bf3 fxe4 42. Bg2 e3 43. Qf6+ Rg7 44. Rd8 Bxg2+ 45. Kg1 Bh3+ 1/2-1/2

[Event "2.BLO 0607 SV Würzburg - SC Forchheim"]
[Site "?"]
[Date "2006.11.19"]
[Round "3.6"]
[White "Braeutigam, Thomas"]
[Black "Lang, Stefan"]
[Result "0-1"]
[WhiteElo "2185"]
[BlackElo "2286"]
[PlyCount "116"]
[EventDate "2006.??.??"]

1. d4 Nf6 2. Nf3 c5 3. c4 cxd4 4. Nxd4 e5 5. Nb5 d5 6. cxd5 Bc5 7. e3 O-O 8.
N5c3 Qe7 9. Be2 e4 10. Nd2 Rd8 11. Qc2 Bf5 12. a3 Nbd7 13. b4 Bd6 14. Nc4 Ne5
15. Nxe5 Bxe5 16. Bb2 Rac8 17. Qb3 Bg4 18. Rd1 Qd7 19. a4 Bxc3+ 20. Bxc3 Bxe2
21. Kxe2 Qg4+ 22. Kd2 Nxd5 23. Bd4 Nc3 24. Qxc3 Rxc3 25. Kxc3 f6 26. Rd2 Qxg2
27. Rhd1 Qxh2 28. f4 Qh5 29. Kb2 a6 30. Rc1 Qf5 31. Rc7 Rd7 32. Rc8+ Kf7 33.
Rc5 Qg4 34. Rh2 h6 35. Rcc2 Qf5 36. Rc5 Qg4 37. Rcc2 Qe6 38. Rh5 Qg4 39. Rhh2
Qg1 40. Rhg2 Qd1 41. Rgd2 Qe1 42. Kb3 h5 43. Rh2 h4 44. Rhe2 Qb1+ 45. Ka3 h3
46. Rh2 Ke6 47. Rc5 Qd3+ 48. Kb2 g6 49. b5 Qf1 50. Rc1 Qf3 51. b6 g5 52. fxg5
fxg5 53. Rc5 g4 54. Re5+ Kf7 55. Rg5 g3 56. Rxh3 Qg2+ 57. Kb3 Qxh3 58. Rg7+ Ke6
0-1

[Event "2.BLO 0607 SV Würzburg - SC Forchheim"]
[Site "?"]
[Date "2006.11.19"]
[Round "3.7"]
[White "Doeres, Hans-Juergen"]
[Black "Poppe, Heiko"]
[Result "1/2-1/2"]
[WhiteElo "2241"]
[BlackElo "2223"]
[PlyCount "66"]
[EventDate "2006.??.??"]

1. c4 f5 2. g3 Nf6 3. Bg2 g6 4. Nc3 Bg7 5. d3 O-O 6. e4 d6 7. Nge2 e5 8. O-O
Nc6 9. exf5 Bxf5 10. d4 Qc8 11. dxe5 Nxe5 12. b3 Bh3 13. Nf4 Bxg2 14. Kxg2 Qf5
15. Bb2 Rf7 16. Qb1 Qg5 17. f3 Nh5 18. Ne6 Qd2+ 19. Rf2 Qd3 20. Nxg7 Nxg7 21.
Nd5 Rxf3 22. Bxe5 Rxf2+ 23. Kxf2 Qd2+ 24. Kg1 dxe5 25. Qe4 Rf8 26. Rf1 Rxf1+
27. Kxf1 Qxh2 28. Qxe5 Nf5 29. Qe6+ Kg7 30. Qe5+ Kg8 31. Qe6+ Kg7 32. Qe5+ Kg8
33. Qe6+ Kg7 1/2-1/2

[Event "2.BLO 0607 SV Würzburg - SC Forchheim"]
[Site "?"]
[Date "2006.11.19"]
[Round "3.8"]
[White "Gehlert, Klaus"]
[Black "Bartsch, Berthold"]
[Result "1/2-1/2"]
[WhiteElo "2251"]
[BlackElo "2195"]
[PlyCount "63"]
[EventDate "2006.??.??"]

1. d4 Nf6 2. c4 e5 3. dxe5 Ng4 4. Bf4 Nc6 5. Nf3 Bb4+ 6. Nbd2 Qe7 7. a3 Ngxe5
8. Nxe5 Nxe5 9. e3 Bxd2+ 10. Qxd2 d6 11. Be2 O-O 12. O-O b6 13. Rfe1 Bb7 14.
Qc3 a5 15. b4 Nd7 16. Rad1 Ra7 17. Bf1 Rfa8 18. e4 axb4 19. axb4 Ra3 20. Qd4 f6
21. Bc1 R3a4 22. Qc3 Qe5 23. Qb3 Kf8 24. Qh3 Qe7 25. c5 Rxb4 26. cxd6 cxd6 27.
Qxh7 Rxe4 28. Qh8+ Kf7 29. Qh5+ Kf8 30. Qh8+ Kf7 31. Qh5+ Kf8 32. Qh8+ 1/2-1/2

[Event "2.BLO 0607 Erfurter SK - Leipzig Gohlis"]
[Site "?"]
[Date "2006.11.19"]
[Round "3.1"]
[White "Roos, Michael"]
[Black "Votava, Jan"]
[Result "1/2-1/2"]
[WhiteElo "2349"]
[BlackElo "2531"]
[PlyCount "27"]
[EventDate "2006.??.??"]

1. Nf3 Nf6 2. c4 c5 3. Nc3 d5 4. cxd5 Nxd5 5. d4 Nxc3 6. bxc3 g6 7. Bg5 Qa5 8.
Qd2 Bg7 9. e3 Bf5 10. Be2 Nd7 11. O-O Rc8 12. Rac1 Nf6 13. Qb2 O-O 14. Ne5
1/2-1/2

[Event "2.BLO 0607 Erfurter SK - Leipzig Gohlis"]
[Site "?"]
[Date "2006.11.19"]
[Round "3.2"]
[White "Haba, Petr"]
[Black "Dubiel, Jacek"]
[Result "1/2-1/2"]
[WhiteElo "2526"]
[BlackElo "2394"]
[PlyCount "48"]
[EventDate "2006.??.??"]

1. e4 e5 2. Nf3 Nc6 3. Bb5 a6 4. Ba4 Nf6 5. O-O Nxe4 6. d4 b5 7. Bb3 d5 8. dxe5
Be6 9. Nbd2 Bc5 10. Nxe4 dxe4 11. Bxe6 fxe6 12. Ng5 Qxd1 13. Rxd1 O-O 14. Nxe4
Bb6 15. Kf1 Nxe5 16. Ke2 h6 17. a4 Nc4 18. f3 Rad8 19. Rxd8 Rxd8 20. b3 Nd6 21.
Nxd6 Rxd6 22. axb5 axb5 23. Ra8+ Kf7 24. Ba3 Rd5 {(=)} 1/2-1/2

[Event "2.BLO 0607 Erfurter SK - Leipzig Gohlis"]
[Site "?"]
[Date "2006.11.19"]
[Round "3.3"]
[White "Voigt, Roland"]
[Black "Kuczynski, Robert"]
[Result "0-1"]
[WhiteElo "2360"]
[BlackElo "2488"]
[PlyCount "70"]
[EventDate "2006.??.??"]

1. e4 c5 2. c3 d5 3. exd5 Qxd5 4. d4 Nf6 5. Nf3 Bg4 6. Be2 e6 7. h3 Bh5 8. O-O
Be7 9. Be3 cxd4 10. cxd4 Nc6 11. Nc3 Qd6 12. Qb3 O-O 13. a3 a6 14. Rfd1 Rfd8
15. Rac1 b5 16. d5 Na5 17. Qa2 e5 18. g4 Bg6 19. Nxb5 axb5 20. Bc5 Qd7 21. d6
Bf8 22. b4 Nc4 23. Rxc4 bxc4 24. Nxe5 Qa4 25. Nxc4 Nd7 26. Qd2 Qc2 27. Be3 Qxd2
28. Rxd2 Be4 29. b5 Ra4 30. f3 Bb7 31. Rd4 Rc8 32. Bd2 Ne5 33. Bb4 Nxc4 34.
Bxc4 Rxb4 35. axb4 Rd8 0-1

[Event "2.BLO 0607 Erfurter SK - Leipzig Gohlis"]
[Site "?"]
[Date "2006.11.19"]
[Round "3.4"]
[White "Machelett, Heiko"]
[Black "Schoeneberg, Manfred"]
[Result "1/2-1/2"]
[WhiteElo "2424"]
[BlackElo "2301"]
[PlyCount "33"]
[EventDate "2006.??.??"]

1. d4 Nf6 2. Nf3 e6 3. c4 b6 4. a3 Bb7 5. Nc3 d5 6. cxd5 exd5 7. Qa4+ c6 8. Bg5
Be7 9. e3 O-O 10. Be2 Nbd7 11. O-O Ne4 12. Bxe7 Nxc3 13. bxc3 Qxe7 14. Ba6 b5
15. Qa5 Nb6 16. Bxb7 Qxb7 17. Nd2 {(=)} 1/2-1/2

[Event "2.BLO 0607 Erfurter SK - Leipzig Gohlis"]
[Site "?"]
[Date "2006.11.19"]
[Round "3.5"]
[White "Zesch, Ludwig"]
[Black "Enders, Peter"]
[Result "0-1"]
[WhiteElo "2287"]
[BlackElo "2434"]
[PlyCount "104"]
[EventDate "2006.??.??"]

1. e4 c5 2. c3 Nf6 3. e5 Nd5 4. d4 cxd4 5. Nf3 Nc6 6. cxd4 d6 7. Bc4 dxe5 8.
dxe5 Nb6 9. Qxd8+ Nxd8 10. Be2 g6 11. Nc3 Bg7 12. Be3 O-O 13. Bxb6 axb6 14. Nd5
Nc6 15. Nxb6 Ra7 16. Nc4 b5 17. Na3 b4 18. Nc4 Bg4 19. O-O Bxf3 20. Bxf3 Nxe5
21. Nxe5 Bxe5 22. Bd5 Bxb2 23. Rad1 Rc8 24. Bb3 Be5 25. Rc1 Rc3 26. Rcd1 Ra5
27. Rd2 Kg7 28. Rfd1 Bd6 29. Rd5 Rxd5 30. Rxd5 Kf6 31. h3 h5 32. Kf1 Bc5 33.
Ke2 Bb6 34. Rd2 Rc5 35. Rd5 Rc1 36. Rd1 Rc7 37. Rd3 e6 38. Rd2 Ke5 39. Rc2 Rc3
40. g3 g5 41. Rxc3 bxc3 42. Bc2 Kd4 43. Bb3 Bc7 44. Ba4 e5 45. Bb3 f5 46. Be6
e4 47. Bb3 f4 48. gxf4 Bxf4 49. f3 e3 50. Bc2 h4 51. Bf5 Bc7 52. a4 Ke5 0-1